| 000 | 05872nam a22004937a 4500 | ||
|---|---|---|---|
| 005 | 20100515101725.0 | ||
| 010 | _aHIN-89282 B-412050-068 | ||
| 020 |
_a9789350001639 _c425.00 |
||
| 035 | _aHN-61628 | ||
| 035 | _a B-412050-068 | ||
| 037 | _bDBAD / PUB | ||
| 082 | _aउ | ||
| 100 |
_aअलेक्सांद्र फ़ेदयेव _926731 |
||
| 245 |
_aपराजयः _b(रूसी उपन्यास) / _cअलेक्सांद्र फ़ेदयेव; निर्मल वर्मा द्वारा अनुदित |
||
| 246 |
_aParakay: _bby Aleksander Fadeyev; translated by Nirmal Verma |
||
| 260 |
_aनई दिल्ली _bवाणी प्रकाशन _c2010 |
||
| 270 |
_a4695, 21-ए, दरियागंज _bनई दिल्ली _e110002 |
||
| 300 |
_a314पृ _c22सेमी (सजिल्द) |
||
| 650 |
_aहिन्दी कथा साहित्य _9657 |
||
| 650 |
_aHindi Fiction _926732 |
||
| 700 |
_aवर्मा, निर्मल _923607 |
||
| 942 |
_2ddc _cHN _hउ _mअलेक्सां |
||
| 999 |
_c36086 _d36086 |
||